LEADER 00773nam0 2200253 450 001 000003014 005 20181022133149.0 010 $a88-244-1785-X 100 $a20010705d2000----km-y0itay50------ba 101 0 $aita 102 $aIT 200 1 $a<>nuovi reati tributari$ecommento al D.Lgs. 10 marzo 2000, n. 74$fSalvatore Dovere 210 $a[Napoli]$cEdizioni giuridiche Simone$d2000 215 $a207 p.$d21 cm 225 2 $aSerie bussola$v184 410 0$12001$aSerie bussola 610 1 $aReati fiscali$aLegislazione 676 $a345.0233 700 1$aDovere,$bSalvatore$0518502 801 0$aIT$bUNIPARTHENOPE$gRICA$2UNIMARC 912 $a000003014 951 $cNAVA1$a345-N/3$b34434$d20010705 996 $aNuovi reati tributari$9881024 997 $aUNIPARTHENOPE LEADER 01820nam0 22004813i 450 001 VAN0268459 005 20240320033343.738 017 70$2N$a9781461331261 100 $a20231205d1981 |0itac50 ba 101 $aeng 102 $aUS 105 $a|||| ||||| 200 1 $aUltrasonic Spectral Analysis for Nondestructive Evaluation$fDale W. Fitting, Laszlo Adler 210 $aNew York$cSpringer$d1981 215 $aix, 354 p.$cill.$d24 cm 606 $a00A79 (77-XX)$xPhysics [MSC 2020]$3VANC023182$2MF 610 $aAlloy$9KW:K 610 $aCeramics$9KW:K 610 $aCoordinate Transformations$9KW:K 610 $aCrystal$9KW:K 610 $aDifferential equations$9KW:K 610 $aDiffraction$9KW:K 610 $aDistribution$9KW:K 610 $aFracture mechanics$9KW:K 610 $aIntegrals$9KW:K 610 $aInterferometry$9KW:K 610 $aLiquids$9KW:K 610 $aNon-destructive testing$9KW:K 610 $aOperators$9KW:K 610 $aSpectroscopy$9KW:K 610 $aUltrasound$9KW:K 620 $aUS$dNew York$3VANL000011 700 1$aFitting$bDale W.$3VANV220469$01407081 701 1$aAdler$bLaszlo$3VANV220470$01448561 712 $aSpringer $3VANV108073$4650 801 $aIT$bSOL$c20240614$gRICA 856 4 $uhttps://doi.org/10.1007/978-1-4613-3126-1$zE-book ? Accesso al full-text attraverso riconoscimento IP di Ateneo, proxy e/o Shibboleth 899 $aBIBLIOTECA DEL DIPARTIMENTO DI MATEMATICA E FISICA$1IT-CE0120$2VAN08 912 $fN 912 $aVAN0268459 950 $aBIBLIOTECA DEL DIPARTIMENTO DI MATEMATICA E FISICA$d08CONS e-book 7541 $e08eMF7541 20231211 996 $aUltrasonic Spectral Analysis for Nondestructive Evaluation$93643910 997 $aUNICAMPANIA